The rice crisis : (Record no. 14706)

000 -LEADER
fixed length control field 00575cam a22001814a 4500
020 ## - INTERNATIONAL STANDARD BOOK NUMBER
ISBN 9781849711340
040 ## - CATALOGING SOURCE
Transcribing agency DLC
082 00 - DEWEY DECIMAL CLASSIFICATION NUMBER
Classification number 338 EAR 2010 A068 Or.
245 04 - TITLE STATEMENT
Title The rice crisis :
Remainder of title markets, policies and food security /
260 ## - PUBLICATION, DISTRIBUTION, ETC. (IMPRINT)
Place of publication London ;
-- Washington, DC :
Name of publisher Earthscan,
Year of publication 2010.
300 ## - PHYSICAL DESCRIPTION
Number of Pages xxiii, 368 p. :
Other physical details ill. ;
Dimensions 25 cm.
500 ## - GENERAL NOTE
General note Based on papers presented at a workshop organized by FAO in Chiang Mai, Thailand, Feb. 9-12, 2009.
650 #0 - SUBJECT ADDED ENTRY--TOPICAL TERM
Topical Term Rice trade.
650 #0 - SUBJECT ADDED ENTRY--TOPICAL TERM
Topical Term Rice
650 #0 - SUBJECT ADDED ENTRY--TOPICAL TERM
Topical Term Food supply.
700 1# - ADDED ENTRY--PERSONAL NAME
Personal name Dawe, David Charles.
942 ## - ADDED ENTRY ELEMENTS (KOHA)
Koha item type សៀវភៅភាសាអង់គ្លេស
952 ## - LOCATION AND ITEM INFORMATION (KOHA)
Withdrawn status [LOCAL, KOHA] 0
Holdings
Permanent Location Date acquired Koha item type Lost status Shelving location Barcode Current Location Full call number
Library Block A2017-10-24សៀវភៅភាសាអង់គ្លេស A068RUA055951Library Block A338 EAR 2010 A068 Or.
មជ្ឈមណ្ឌលឯការនៃសាកលវិទ្យាល័យភូមិន្ទកសិកម្មចំការដូង

Powered by Koha